LIBRARY & INFORMATION CENTRE, KCAET, TAVANUR

ONLINE PUBLIC ACCESS CATALOGUE (OPAC)

Normal view MARC view
  • Raman ,Nair Vettoor .

Entry Personal Name

Number of records used in: 2

001 - CONTROL NUMBER

  • control field: 4339

003 - CONTROL NUMBER IDENTIFIER

  • control field: OSt

005 - DATE AND TIME OF LATEST TRANSACTION

  • control field: 20191022172650.0

008 - FIXED-LENGTH DATA ELEMENTS

  • fixed length control field: 191022|| aca||aabn | a|a d

040 ## - CATALOGING SOURCE

  • Original cataloging agency: OSt
  • Transcribing agency: OSt

100 ## - HEADING--PERSONAL NAME

  • Personal name: Raman ,Nair Vettoor .

670 ## - SOURCE DATA FOUND

  • Source citation: Work cat.: (OSt): Raman ,Nair Vettoor ., Jeevikan Marunnu Poya sthree
free website counter